NLSUI OPAC header image

Right to information in India : an overview (Record no. 216949)

MARC details
000 -LEADER
fixed length control field 00600nam a2200145Ia 4500
005 - DATE AND TIME OF LATEST TRANSACTION
control field 20260209120128.0
008 - FIXED-LENGTH DATA ELEMENTS--GENERAL INFORMATION
fixed length control field 260209s9999||||xx |||||||||||||| ||und||
100 ## - MAIN ENTRY--PERSONAL NAME
Personal name Vivek Khatkar
245 #0 - TITLE STATEMENT
Title Right to information in India : an overview
260 ## - PUBLICATION, DISTRIBUTION, ETC.
Place of publication, distribution, etc. BangaloreBangalore
Name of publisher, distributor, etc. NLSIU
Date of publication, distribution, etc. 2010
300 ## - PHYSICAL DESCRIPTION
Extent 129 p. ; 25 cm.
650 ## - SUBJECT ADDED ENTRY--TOPICAL TERM
Topical term or geographic name entry element Freedom of Information - UN Principles Right to Information - Classification - Need Right to Information - International Position
700 ## - ADDED ENTRY--PERSONAL NAME
Personal name Prof. (Dr.) O V Nandimath - GuideProf. (Dr.) O V Nandimath - Guide
856 ## - ELECTRONIC LOCATION AND ACCESS
Uniform Resource Identifier <a href="https://dans.nls.ac.in/handle/123456789/1946">https://dans.nls.ac.in/handle/123456789/1946</a>
Holdings
Withdrawn status Lost status Damaged status Not for loan Home library Current library Date acquired Total Checkouts Barcode Date last seen Price effective from Koha item type
        . . 09.02.2026   LLM314 09.02.2026 09.02.2026 Dissertation